Ulice ztracených bratří /

Hlavní autor: Lustig, Arnošt, 1926-2011
Korporativní autor: Naše vojsko (nakladatelství : 1954-1963)
Jazyk: Čeština
Vydáno: Praha : Naše vojsko, 1959
Vydání: Vydání I.
Edice: Knihovna vojáka (Naše vojsko)
Témata:
Externí odkaz: Digitalizovaný dokument
Fyzický popis: 159 stran ; 21 cm
Knihy
Uloženo v:
LEADER 01390nam a2200397 i 4500
001 001406978
003 CZ BrMZK
005 20260504082641.0
007 ta
008 140725s1959 xr gr 000 j cze
015 |a cnb000135904 
020 |q (Vázáno) 
035 |a (OCoLC)23773011 
040 |a BOA001  |b cze  |e rda 
072 7 |a 821.162.3-3  |x Česká próza  |2 Konspekt  |9 25 
080 |a 821.162.3-32  |2 MRF 
080 |a (0:82-32)  |2 MRF 
100 1 |a Lustig, Arnošt,  |d 1926-2011  |7 jk01072683  |4 aut 
245 1 0 |a Ulice ztracených bratří /  |c Arnošt Lustig 
250 |a Vydání I. 
264 1 |a Praha :  |b Naše vojsko,  |c 1959 
300 |a 159 stran ;  |c 21 cm 
336 |a text  |b txt  |2 rdacontent 
337 |a bez média  |b n  |2 rdamedia 
338 |a svazek  |b nc  |2 rdacarrier 
490 1 |a Knihovna vojáka ;  |v svazek 141 
500 |a 9000 výtisků 
655 7 |a české povídky  |7 fd133971  |2 czenas 
655 9 |a Czech short stories  |2 eczenas 
710 2 |a Naše vojsko (nakladatelství : 1954-1963)  |7 kn20020321189  |4 pbl 
830 0 |a Knihovna vojáka (Naše vojsko)  |0 s 
856 4 1 |u http://www.digitalniknihovna.cz/mzk/uuid/uuid:e4e1abf0-8493-11e2-b238-005056827e52  |y Digitalizovaný dokument  |x NDK 
910 |a BOA001  |b 2-0430.823  |b KPB-0002.324 
990 |a BK 
991 |b 202605 
996 6 |b 2619101998  |c 2-0430.823  |l MZK  |r Sklad / do 24 hodin  |n 1  |w 001442188  |u 000010  |a 1  |e BOA001  |j MZK50  |s P